[Event "Bohemia South-chT 0405"]
[Site "Czech Republic"]
[Date "2005.??.??"]
[Round "?"]
[White "Uricar, Jakub"]
[Black "Saida, Jan"]
[Result "1-0"]
[WhiteElo "2130"]
[BlackElo "1840"]
[PlyCount "123"]
[EventDate "2004.10.??"]
[EventType "team"]
[EventRounds "11"]
[EventCountry "CZE"]
[SourceTitle "EXT 2007"]
[Source "ChessBase"]
[SourceDate "2006.11.23"]
[SourceVersion "1"]
[SourceVersionDate "2006.11.23"]
[SourceQuality "1"]

1. e4 e5 2. Nf3 Nc6 3. Bc4 Be7 4. 0-0 Nf6 5. Re1 d6 6. h3 0-0 7. d4 a6 8. c3 b5 9. Bb3 h6 10. Nbd2 Re8 11. Nf1 Bf8 12. Ng3 Na5 13. dxe5 dxe5 14. Qxd8 Rxd8 15. Nxe5 Nxb3 16. axb3 Bd6 17. Nc6 Re8 18. e5 Bd7 19. Bd2 Bxc6 20. exd6 cxd6 21. Nf5 Bd5 22. b4 Rxe1+ 23. Bxe1 Re8 24. f3 Re2 25. Bh4 Be6 26. Nd4 Rxb2 27. Bxf6 gxf6 28. Rxa6 Bc4 29. Rxd6 Rb1+ 30. Kf2 Rc1 31. Rxf6 Kg7 32. Rb6 Rxc3 33. g4 h5 34. Nxb5 Rc2+ 35. Kg3 hxg4 36. Na3 Rc3 37. Nxc4 Rxc4 38. hxg4 Rc3 39. Kf4 Rb3 40. Ke4 Rb1 41. Kf5 Rb3 42. f4 Rb1 43. g5 Rb2 44. Rb7 Rg2 45. b5 Rg1 46. b6 Rb1 47. Rb8 Re1 48. b7 Rb1 49. Ke5 Re1+ 50. Kd4 Rd1+ 51. Ke3 Re1+ 52. Kd2 Rb1 53. f5 Rb3 54. f6+ Kh7 55. Kc2 Rb5 56. Kc3 Rb1 57. Kd4 Rd1+ 58. Ke5 Re1+ 59. Kd6 Rd1+ 60. Ke7 Re1+ 61. Kxf7 Rg1 62. Rh8+ 1-0

[Event "Bohemia South-chT 0405"]
[Site "Czech Republic"]
[Date "2004.??.??"]
[Round "?"]
[White "Nemec, Karel"]
[Black "Saida, Jan"]
[Result "1/2-1/2"]
[WhiteElo "1730"]
[BlackElo "1840"]
[PlyCount "45"]
[EventDate "2004.10.??"]
[EventType "team"]
[EventRounds "11"]
[EventCountry "CZE"]
[SourceTitle "EXT 2007"]
[Source "ChessBase"]
[SourceDate "2006.11.23"]
[SourceVersion "1"]
[SourceVersionDate "2006.11.23"]
[SourceQuality "1"]

1. e4 e5 2. Nc3 Nf6 3. b3 Nc6 4. Bb2 d6 5. Bb5 Bd7 6. Bxc6 Bxc6 7. Qe2 Be7 8. g4 h6 9. 0-0-0 Qd7 10. f3 0-0-0 11. Qf2 Kb8 12. Nge2 Rde8 13. d4 exd4 14. Nxd4 Bf8 15. Nxc6+ Qxc6 16. Nd5 Nxd5 17. Rxd5 g6 18. Rhd1 Qa6 19. R1d4 c6 20. Ra4 Qxa4 21. bxa4 cxd5 22. exd5 b6 23. Bd4 1/2-1/2